|
|
|
|
| LEADER |
00000nab a2200000ua 4500 |
| 001 |
vtls010847592 |
| 003 |
SK-MaSNL |
| 005 |
20260303173754.0 |
| 008 |
230218s1989 xo |||||||||||||||||ger| |
| 035 |
|
|
|a (urnnbn)urn:nbn:sk:snk:ar-a077dv
|
| 035 |
|
|
|a urn:nbn:sk:snk-ab68pw
|
| 035 |
|
|
|a (uuid)f33ca5fc-8345-4f85-b658-140207cb8157
|
| 040 |
|
|
|a SNKBUCL
|b slo
|c SNKBUCL
|e AACR2
|
| 041 |
0 |
|
|a ger
|
| 044 |
|
|
|a xo
|c SK
|
| 100 |
1 |
|
|a Sirovátka, Oldřich,
|d 1925-1992
|4 aut
|9 228766
|
| 245 |
1 |
0 |
|a MONOGRAPHIE ÜBER EINE VOLKSTÜMLICHE SÄNGERIN AUS DER MÄHRISCHEN SLOWAKEI
|c Oldřich Sirovátka
|
| 773 |
0 |
|
|t Ethnologia slavica : zborník Filozofickej fakulty Univerzity Komenského
|g Roč. 21, č. 21 (1989), s. 266-267
|
| 958 |
|
|
|a OND
|
| 958 |
|
|
|a EUIPO
|
| 958 |
|
|
|a article5
|
| 999 |
|
|
|c 2093821
|d 2095751
|